LIBRARY & INFORMATION CENTRE, KCAET, TAVANUR

ONLINE PUBLIC ACCESS CATALOGUE (OPAC)

History of England / (Record no. 6295)

MARC details
000 -LEADER
fixed length control field 00362cam a2200145ua 4500
041 ## - LANGUAGE CODE
Language code of text/sound track or separate title eng
082 ## - DEWEY DECIMAL CLASSIFICATION NUMBER
Classification number 941
Item number THO/HI
100 ## - MAIN ENTRY--AUTHOR NAME
Personal name Thorn, John .
245 ## - TITLE STATEMENT
Title History of England /
260 ## - PUBLICATION, DISTRIBUTION, ETC. (IMPRINT)
Place of publication London :
Name of publisher The English Language book society ,
Year of publication 1961.
300 ## - PHYSICAL DESCRIPTION
Number of Pages 600 ; .
942 ## - ADDED ENTRY ELEMENTS (KOHA)
Koha item type Books
Holdings
Withdrawn status Lost status Damaged status Home library Current library Date acquired Full call number Accession Number Koha item type
Withdrawn     KAUAET Malayalam University 07/04/2012 941 10309 Books
free website counter